000
00294nam a2200133Ia 4500
100
_a
Mehta/ N. V.
650
_a
General
942
_c
BK
654
_a
Income Tax : 1999-2000
245
_a
Income Tax : 1999-2000
260
_b
Shri Kuber Publishing House
300
_a
352
546
_a
ENGLISH
999
_c
25655
_d
25655